| 000 | 01046cam a22002295a 4500 | ||
|---|---|---|---|
| 001 | L127366 | ||
| 008 | 040914s2007 xxka e 000 0 eng u | ||
| 020 | _a1405111720 | ||
| 035 | _a(Sirsi) u127366 | ||
| 041 | 0 | _aeng | |
| 050 | 0 | 4 | _a690.241 $2 22 |
| 245 | 0 | 0 | _aUnderstanding historic building conservation |
| 260 |
_aOxford _bBlackwell Publishing _c2007 |
||
| 300 |
_axii, 217p. _bcol. ill. _c26cm. |
||
| 350 | _a42.50 | ||
| 520 | _aConsiders the philosophy of conservation and empasises the importance of being aware of a building's history before coming to any decisions about it. Sets out the legislative framework within which conservation is carried out and discusses the various roles of members of the conservation team. Offers advice on writing conservation plans and looks at costing and contracts for conservation work. | ||
| 521 | _aAdvanced | ||
| 651 | 4 |
_aEngland and Wales _y1543- |
|
| 690 | _aBUILT ENVIRONMENT-BUILDING TYPES-ANCIENT MONUMENTS AND HISTORIC BUILDINGS | ||
| 700 | 1 |
_aForsyth, Michael _eEditor |
|
| 942 | _n0 | ||
| 999 |
_c103760 _d103760 |
||